Η συντηρητική επανάσταση στην Αμερική
Αποθηκεύτηκε σε:
| Κύριος συγγραφέας: | |
|---|---|
| Άλλοι συγγραφείς: | |
| Μορφή: | Βιβλίο |
| Γλώσσα: | Greek French |
| Δημοσίευση: |
Αθήνα :
Ροές,
1983.
|
| Σειρά: | Ο κόσμος σήμερα (Ροές)
|
| Θέματα: | |
| Ετικέτες: |
Προσθήκη ετικέτας
Δεν υπάρχουν, Καταχωρήστε ετικέτα πρώτοι!
|
MARC
| LEADER | 00000cam a2200000 i 4500 | ||
|---|---|---|---|
| 001 | 1/97585 | ||
| 008 | 950220s gr | ||| |||| ||gre|| | ||
| 035 | |l 10010613 | ||
| 040 | |a GR-MyUA |b gre |e AACR2 | ||
| 041 | 1 | |a gre |h fre | |
| 082 | 7 | |a 320.520973 |2 (22) | |
| 100 | 1 | |a Sorman, Guy. | |
| 245 | 1 | 2 | |a Η συντηρητική επανάσταση στην Αμερική / |c Guy Sorman ; μετάφραση: Μαρία Γουλιμή. |
| 260 | |a Αθήνα : |b Ροές, |c 1983. | ||
| 300 | |a 253 σ. ; |c 24 εκ. | ||
| 490 | 1 | |a (Ο κόσμος σήμερα / Ροές) | |
| 500 | |a Τίτλος πρωτοτύπου: La revolution conservatrice americaine. | ||
| 650 | 0 | 0 | |a Conservatism |z United States |x History |y 20th century. |
| 651 | 0 | |a United States |x Politics and government |y 1981-1989. | |
| 651 | 0 | |a United States |x Politics and government |y 1945-1989. | |
| 700 | 1 | |a Γουλιμή, Μαρία, |e trlf | |
| 830 | 0 | |a Ο κόσμος σήμερα (Ροές) | |
| 852 | |a INST |b LESVOS |e 19950220 |h 320.520973 SOR |p 005100002844 |q 005100002844 |t BK |y 0 | ||
| 909 | |a Λ |b 011307 | ||
| 922 | |a 1ΕΛΗ |b 1988 |c ΠΠ/8114 | ||
| 970 | |z 20/02/1995 | ||